| 000 | 00869nam a22002057a 4500 | ||
|---|---|---|---|
| 999 |
_c2254 _d2254 |
||
| 003 | AR-CdUCM | ||
| 008 | 190304b ||||| |||| 00| 0 spa d | ||
| 040 |
_aMUNICIPALIDAD PROVINCIAL DEL CUSCO _cBIBLIOTECA MUNICIPAL DEL CUSCO |
||
| 082 |
_a970.1 / _bC75 |
||
| 100 |
_aCollier, John _98116 |
||
| 245 | _aLos indios de las américas / | ||
| 260 |
_aMéxico : _bFondo de Cultura Económica, _c1960. |
||
| 300 |
_a303 páginas ; _bFotografías. _c22 cm. |
||
| 505 | _aContenido: El indio americano y la remota esperanza -- Al sur del río grande -- El imperio de los incas -- Los indios de California y de las Llanuras -- El nuevo régimen para los indios -- La primera Conferencia interamericana sobre la vida indígena ... | ||
| 650 |
_aConquista española _93376 |
||
| 650 |
_aIndio americano _93575 |
||
| 650 |
_aAztecas _98117 |
||
| 942 |
_2ddc _cLIBROS |
||
| 945 | _aafb | ||